1451 1522 1891 1044 1197 1506 1001 1442 1342 1475 1712 1570 1264 1153 1598 1920 1899 1027 1422 1963 1484 1600 1358 1543 1900 1728 1701 1739 1233 1388 1853 1881 1749 1540 1979 1791 1971 1949 1432 1028 1510 1945 1053 1176 1575 1118 1872 1178 1906 1792 1220 1348 1972 1519 1788 1737 1304 1509 1363 1645 1250 1365 1761 1743 1261 1552 1115 1672 1196 1492 1738 1282 1909 1400 1476 1210 1807 1848 1119 1235 1124 1862 1687 1328 1724 1867 1048 1504 1940 1230 1949 1141 1016 1323 1581 1516 1345 1946 1911 BCNSPRNW ULIB Ver.6.0+V

เปลี่ยนเป็นภาษาไทย

Change to English
 แสดงรายละเอียดบรรณานุกรม
  กลับหน้าหลัก

Brief Record : Get Marc (ISO 2709) : E-mail record : QR code < ปิดหน้าต่าง
LEADER : 00000nam 2200000uu 4500
001    13399123723
003     ULIB
008    141119s2557||||th 000 0 tha d
020    ^a9786169161523
060  0 ^aWS280^bอ336S
245 00 ^aSmart practice in common pediatric respiratory problems/^cบรรณาธิการโดย อรุณวรรณ พฤทธิพันธุ์ และคนอื่น ๆ
260    ^aกรุงเทพฯ:^bชมรมโรคระบบหายใจและเวชบำบัดวิกฤตในเด็กแห่งประเทศไทย,^c2557.
300    ^a326 หน้า ;^c26.5 ซม.
650  0 ^aRespiratory Diseases, Pediatrics
700 0  ^aอรุณวรรณ พฤทธิพันธุ์,^eบรรณาธิการ
700 0  ^aวนิดา เปาอินทร์,^eบรรณาธิการ
700 0  ^aรุจิภัตต์ สำราญสำรวจกิจ,^eบรรณาธิการ
700 0  ^aกนกพร อุดมอิทธิพงศ์,^eบรรณาธิการ
945    ^p400^l0^i21773
945    ^p400^l0^i21774
999    ^aทศพร เกษรทอง
รายการนี้ยังไม่มีแท็ก
คุณยังไม่ได้ล็อกอิน คุณสามารถมีกิจกรรมร่วมกับเว็บไซต์ได้ แต่ต้องล็อกอินก่อน ::
  ล็อกอิน

รายการสื่อสารสนเทศ

ลำดับที่ ประเภท เลขเรียก/บาร์โค้ด สถานที่ สถานะ
1. วิทยาศาสตร์การแพทย์ และสุขภาพ
วิทยาศาสตร์การแพทย์ และสุขภาพ
สถานะ=หนังสือเก่า
WS280 อ336S ฉ.1 
  Barcode: 21773
ห้องสมุดวิทยาเขตนครสวรรค์
►ส่วนจัดเก็บหนังสือเก่า นว.
บนชั้น
  ขอยืม
2. วิทยาศาสตร์การแพทย์ และสุขภาพ
วิทยาศาสตร์การแพทย์ และสุขภาพ
สถานะ=หนังสือเก่า
WS280 อ336S ฉ.2 
  Barcode: 21774
ห้องสมุดวิทยาเขตนครสวรรค์
►ส่วนจัดเก็บหนังสือเก่า นว.
บนชั้น
  ขอยืม

รายการใกล้เคียง
    หัวเรื่อง [Respiratory Diseases, Pediatrics]

BibComment


ยังไม่เคยถูกคอมเมนท์

คอมเมนท์ทรัพยากรรายการนี้
  คอมเมนท์: Smart practice i..


 Copyright 2026. Bcnsprnw @Library